1645 1368 1625 1810 1155 1502 1149 1803 1419 1256 1004 1786 1179 1527 1360 1660 1976 1665 1557 1164 1769 1341 1696 1101 1959 1487 1700 1726 1576 1793 1518 1942 1481 1093 1080 1750 1925 1767 1235 1736 1226 1156 1496 1805 1133 1007 1050 1145 1555 1568 1497 1485 1408 1042 1120 1837 1000 1272 1875 1568 1675 1661 1524 1256 1044 1714 1141 1963 1451 1193 1783 1919 1023 1280 1267 1908 1423 1667 1373 1024 1747 1960 1938 1438 1927 1961 1662 1493 1069 1584 1622 1279 1059 1991 1869 1850 1754 1504 1731 BCNSPRNW ULIB Ver.6.0+V

เปลี่ยนเป็นภาษาไทย

Change to English
 แสดงรายละเอียดบรรณานุกรม
  กลับหน้าหลัก

Brief Record : Get Marc (ISO 2709) : E-mail record : QR code < ปิดหน้าต่าง
LEADER : 00000nam 2200000uu 4500
001    13399110444
003     ULIB
008    110530s2011||||th 000 0 eng d
020    9781608311255
060 04 WY18.2^bB598l 2011
100 1  Billings, Diane McGovern
245 00 Lippincott s Q&A review for NCLEX-RN /^cDiane M. Billings
246 3  Lippincott s Q and A review for NCLEX-RN
246 3  NCLEX-RN
246 30 Q&A review for NCLEX-RN
250    10th ed
260    Philadelphia :^bWolters Kluwer Health/Lippincott Williams& Wilkins,^c2011
300    xiii, 1068 p. :^bill. (some col.) ;^c28 cm. +^e1 CD-ROM (3/4 in.)
504    Includes bibliographical references
650  0 Nursing^vExaminations, questions, etc
650  0 Nursing^vExaminations, questions, etc
650  2 Nursing Care^vExamination Questions
945    ^p2300^l0^i030102
995    Kesorn
999 ^a ใช้งานได้ทุกระบบ
รายการนี้ยังไม่มีแท็ก
คุณยังไม่ได้ล็อกอิน คุณสามารถมีกิจกรรมร่วมกับเว็บไซต์ได้ แต่ต้องล็อกอินก่อน ::
  ล็อกอิน

รายการสื่อสารสนเทศ

ลำดับที่ ประเภท เลขเรียก/บาร์โค้ด สถานที่ สถานะ
- ไม่พบข้อมูล -

BibComment


ยังไม่เคยถูกคอมเมนท์

คอมเมนท์ทรัพยากรรายการนี้
  คอมเมนท์: Lippincott s QA r..


 Copyright 2026. Bcnsprnw @Library